Sports Quiz

Random Sports or MLB Quiz

Teams Ending With ers Quiz Stats

 Plays Quiz not verified by Sporcle

Challenge
Share
Tweet
Embed
Score 0/19 Timer 10:00
0 Plays Today
Sport Team % Correct
NFLSan Francisco 49ers
82.3%
MLBSeattle Mariners
79.4%
NFLGreen Bay Packers
78.3%
NBAIndiana Pacers
77.4%
NBAPhiladelphia 76ers
74%
NBALos Angeles Clippers
70.6%
NBAPortland Trail Blazers
68.9%
MLBTexas Rangers
66.9%
NFLSan Diego Chargers
66.9%
NFLPittsburgh Steelers
59.4%
Sport Team % Correct
MLBMilwaukee Brewers
58.6%
MLBLos Angeles Dodgers
58%
NBALos Angeles Lakers
54.9%
NFLOakland Raiders
52.6%
NHLNew York Rangers
20%
NHLNew York Islanders
16.3%
NHLPhiladelphia Flyers
16.3%
NHLEdmonton Oilers
15.7%
NHLAtlanta Thrashers
8%

You're not logged in!

Compare scores with friends on all Sporcle quizzes.
Join for Free
OR
Log In

You Might Also Like...

Show Comments

Extras

Top Quizzes Today


Score Distribution

Your Account Isn't Verified!

In order to create a playlist on Sporcle, you need to verify the email address you used during registration. Go to your Sporcle Settings to finish the process.

Report this User

Report this user for behavior that violates our Community Guidelines.

Details: